000 00486nam a2200157 4500
001 113938
003 ES-MaACL
007 t|
008 061121s1954 sp r ||||1| spa d
245 0 0 _aPáginas francesas
_b: caudaloso repertorio antológico de voces /
_c[traductor Gonzalo Suárez Gómez].
260 _aMadrid :
_bHispania,
_c1954.
300 _a317 p. ;
_c19 cm.
700 1 _aSuárez Gómez, Gonzalo
_9108625
852 _aES-MaACL
_jC-9295
_bR.36461
999 _c113938
_d113938